Social psychology of health : key readings

Αποθηκεύτηκε σε:
Λεπτομέρειες βιβλιογραφικής εγγραφής
Άλλοι συγγραφείς: Salovey, Peter (Επιμελητής έκδοσης), Rothman, Alexander J. (Επιμελητής έκδοσης)
Μορφή: Βιβλίο
Γλώσσα:English
Δημοσίευση: New York : Psychology Press, 2003
Σειρά:Key readings in social psychology
Θέματα:
Ετικέτες: Προσθήκη ετικέτας
Δεν υπάρχουν, Καταχωρήστε ετικέτα πρώτοι!

MARC

LEADER 00000nam a2200000 i 4500
001 1/47638
008 070706s2003 eng d
020 |a 978-1-84169-017-9 (pbk.) 
020 |a 1-84169-017-1 (pbk.) 
035 |l 10088695 
040 |a GR-MY-UA  |b gre  |e aacr 
041 0 |a eng 
082 0 |a 613.019  |2 (22) 
245 1 0 |a Social psychology of health :  |b key readings /  |c edited by Peter Salovey, Alexander J. Rothman 
260 |a New York :   |b Psychology Press,   |c 2003 
300 |a xii, 396 σ.;  |b εικ.;  |c 25 εκ. 
490 1 |a Key readings in social psychology 
504 |a Περιέχει βιβλιογραφικές παραπομπές και ευρετήριο 
650 0 0 |a Social medicine. 
650 0 0 |a Health attitudes. 
650 0 0 |a Medicine and psychology. 
650 0 0 |a Social psychology. 
700 1 |a Salovey, Peter.  |4 edt 
700 1 |a Rothman, Alexander J.  |4 edt 
830 0 |a Key readings in social psychology 
852 |a INST  |b LESVOS  |e 20070706  |h 613.019 SOC  |p 005100037840  |q 005100037840  |t BK  |y 0 
901 |a BIBL1-2007-2 
909 |a Λ  |b 135586 
922 |a 1ΕΛΗ  |b 200706  |c ΕΠΕΑΕΚ2/ΤΚ  |d ΠΑΠΑΣΩΤΗΡΙΟΥ 
970 |a ΒΑΡΚΑ  |b ΕΛΕΥΘΕΡΙΑ  |z 2007/07/06